[Event "XLIV Memoriał Szachowy Ludwika Zamenhofa 2025, Grupa B"]
[Site "Bialystok, Poland"]
[Date "2025.12.29"]
[Round "5.17"]
[White "Czarnowicz, Michal"]
[Black "Madejski, Milosz"]
[Result "0-1"]
[TimeControl "90'+30\""]
[WhiteElo "1827"]
[BlackElo "1917"]

1. d4 {[%clk 01:30:58]} {[%emt 00:00:01]} d5 {[%clk 01:30:54]} {[%emt
00:00:07]} 2. c4 {[%clk 01:31:22]} {[%emt 00:00:06]} c6 {[%clk 01:31:10]}
{[%emt 00:00:14]} 3. Nc3 {[%clk 01:31:45]} {[%emt 00:00:06]} Nf6 {[%clk
01:31:34]} {[%emt 00:00:07]} 4. Nf3 {[%clk 01:32:10]} {[%emt 00:00:04]} e6
{[%clk 01:31:45]} {[%emt 00:00:20]} 5. Bg5 {[%clk 01:32:32]} {[%emt 00:00:07]}
Be7 {[%clk 01:31:52]} {[%emt 00:00:23]} 6. e3 {[%clk 01:32:55]} {[%emt
00:00:06]} O-O {[%clk 01:32:14]} {[%emt 00:00:10]} 7. cxd5 {[%clk 01:33:12]}
{[%emt 00:00:13]} exd5 {[%clk 01:31:15]} {[%emt 00:01:29]} 8. Bd3 {[%clk
01:32:58]} {[%emt 00:00:44]} h6 {[%clk 01:31:29]} {[%emt 00:00:16]} 9. Bh4
{[%clk 01:33:21]} {[%emt 00:00:07]} Re8 {[%clk 01:31:37]} {[%emt 00:00:22]} 10.
Ne5 {[%clk 01:30:05]} {[%emt 00:03:45]} Nbd7 {[%clk 01:31:49]} {[%emt
00:00:19]} 11. f4 {[%clk 01:30:15]} {[%emt 00:00:20]} c5 {[%clk 01:32:01]}
{[%emt 00:00:18]} 12. O-O {[%clk 01:27:57]} {[%emt 00:02:47]} cxd4 {[%clk
01:27:27]} {[%emt 00:05:04]} 13. exd4 {[%clk 01:28:11]} {[%emt 00:00:16]} Qb6
{[%clk 01:27:05]} {[%emt 00:00:53]} 14. Bc2 {[%clk 01:26:53]} {[%emt 00:01:47]}
Nf8 {[%clk 01:07:28]} {[%emt 00:20:07]} 15. Qd3 {[%clk 01:19:55]} {[%emt
00:07:28]} g6 {[%clk 01:00:16]} {[%emt 00:07:42]} 16. Bxf6 {[%clk 01:12:59]}
{[%emt 00:07:26]} Qxf6 {[%clk 01:00:13]} {[%emt 00:00:32]} 17. Nxd5 {[%clk
01:12:59]} {[%emt 00:00:31]} Qd6 {[%clk 01:00:21]} {[%emt 00:00:22]} 18. Nxe7+
{[%clk 01:11:57]} {[%emt 00:01:33]} Rxe7 {[%clk 01:00:06]} {[%emt 00:00:44]} 19.
Nc4 {[%clk 01:03:43]} {[%emt 00:08:44]} Qd5 {[%clk 00:59:45]} {[%emt 00:00:51]}
20. Ne3 {[%clk 01:00:31]} {[%emt 00:03:42]} Qc6 {[%clk 00:59:04]} {[%emt
00:01:10]} 21. Rad1 {[%clk 00:58:08]} {[%emt 00:02:54]} Rxe3 {[%clk 00:58:53]}
{[%emt 00:00:41]} 22. Qxe3 {[%clk 00:58:10]} {[%emt 00:00:28]} Qxc2 {[%clk
00:59:21]} {[%emt 00:00:02]} 23. Rd2 {[%clk 00:53:04]} {[%emt 00:05:37]} Qc7
{[%clk 00:59:04]} {[%emt 00:00:43]} 24. Re2 {[%clk 00:37:06]} {[%emt 00:16:31]}
Be6 {[%clk 00:58:45]} {[%emt 00:00:49]} 25. Rc1 {[%clk 00:37:07]} {[%emt
00:00:29]} Qa5 {[%clk 00:59:03]} {[%emt 00:00:12]} 26. a3 {[%clk 00:37:05]}
{[%emt 00:00:32]} Rd8 {[%clk 00:59:16]} {[%emt 00:00:17]} 27. Rd2 {[%clk
00:30:21]} {[%emt 00:07:14]} Rd5 {[%clk 00:59:00]} {[%emt 00:00:46]} 28. Rc5
{[%clk 00:29:24]} {[%emt 00:01:27]} Qd8 {[%clk 00:55:52]} {[%emt 00:03:38]} 29.
Rxd5 {[%clk 00:28:40]} {[%emt 00:01:14]} Qxd5 {[%clk 00:55:42]} {[%emt
00:00:39]} 30. Qe5 {[%clk 00:28:23]} {[%emt 00:00:46]} Qc4 {[%clk 00:55:53]}
{[%emt 00:00:21]} 31. Qc5 {[%clk 00:28:29]} {[%emt 00:00:24]} Nd7 {[%clk
00:54:25]} {[%emt 00:01:58]} 32. Qxc4 {[%clk 00:26:42]} {[%emt 00:02:17]} Bxc4
{[%clk 00:54:11]} {[%emt 00:00:44]} 33. d5 {[%clk 00:26:57]} {[%emt 00:00:15]}
Kg7 {[%clk 00:54:11]} {[%emt 00:00:30]} 34. Kf2 {[%clk 00:25:51]} {[%emt
00:01:35]} Kf6 {[%clk 00:53:55]} {[%emt 00:00:46]} 35. Ke3 {[%clk 00:24:52]}
{[%emt 00:01:30]} Nb6 {[%clk 00:53:54]} {[%emt 00:00:31]} 36. d6 {[%clk
00:24:24]} {[%emt 00:00:58]} Ke6 {[%clk 00:54:09]} {[%emt 00:00:16]} 37. a4
{[%clk 00:23:40]} {[%emt 00:01:13]} Bd5 {[%clk 00:52:32]} {[%emt 00:02:07]} 38.
d7 {[%clk 00:23:34]} {[%emt 00:00:36]} Nxd7 {[%clk 00:52:49]} {[%emt 00:00:14]}
39. Kd4 {[%clk 00:23:46]} {[%emt 00:00:17]} Kd6 {[%clk 00:52:55]} {[%emt
00:00:24]} 40. g3 {[%clk 00:23:06]} {[%emt 00:01:09]} Nc5 {[%clk 00:53:18]}
{[%emt 00:00:08]} 41. Re2 {[%clk 00:20:48]} {[%emt 00:02:47]} Be6 {[%clk
00:52:46]} {[%emt 00:01:02]} 42. a5 {[%clk 00:18:55]} {[%emt 00:02:24]} Nb3+
{[%clk 00:52:59]} {[%emt 00:00:17]} 43. Kc3 {[%clk 00:19:18]} {[%emt 00:00:07]}
Nxa5 {[%clk 00:53:13]} {[%emt 00:00:17]} 44. Rd2+ {[%clk 00:19:38]} {[%emt
00:00:09]} Bd5 {[%clk 00:52:36]} {[%emt 00:01:07]} 45. Re2 {[%clk 00:18:44]}
{[%emt 00:01:24]} Nc6 {[%clk 00:51:21]} {[%emt 00:01:45]} 46. Re8 {[%clk
00:18:51]} {[%emt 00:00:23]} Kc5 {[%clk 00:51:25]} {[%emt 00:00:27]} 47. Ra8
{[%clk 00:17:51]} {[%emt 00:01:29]} a5 {[%clk 00:51:33]} {[%emt 00:00:22]} 48.
Rh8 {[%clk 00:17:38]} {[%emt 00:00:42]} h5 {[%clk 00:51:58]} {[%emt 00:00:07]}
49. f5 {[%clk 00:17:48]} {[%emt 00:00:19]} Be4 {[%clk 00:51:43]} {[%emt
00:00:42]} 50. fxg6 {[%clk 00:17:52]} {[%emt 00:00:30]} fxg6 {[%clk 00:52:03]}
{[%emt 00:00:09]} 51. h3 {[%clk 00:17:43]} {[%emt 00:00:39]} Bf5 {[%clk
00:52:31]} {[%emt 00:00:02]} 52. Rg8 {[%clk 00:17:28]} {[%emt 00:00:46]} Ne5
{[%clk 00:51:45]} {[%emt 00:01:14]} 53. h4 {[%clk 00:14:07]} {[%emt 00:03:51]}
b5 {[%clk 00:51:49]} {[%emt 00:00:26]} 54. Ra8 {[%clk 00:14:08]} {[%emt
00:00:30]} b4+ {[%clk 00:51:17]} {[%emt 00:01:02]} 55. Kb3 {[%clk 00:13:52]}
{[%emt 00:00:45]} Nc6 {[%clk 00:50:26]} {[%emt 00:01:22]} 56. Rf8 {[%clk
00:13:14]} {[%emt 00:01:08]} Kb5 {[%clk 00:50:33]} {[%emt 00:00:24]} 57. Ka2
{[%clk 00:13:08]} {[%emt 00:00:36]} Be6+ {[%clk 00:49:25]} {[%emt 00:01:36]} 58.
Ka1 {[%clk 00:13:13]} {[%emt 00:00:26]} Kc5 {[%clk 00:48:59]} {[%emt 00:00:55]}
59. Rf4 {[%clk 00:12:22]} {[%emt 00:01:21]} Nd4 {[%clk 00:49:06]} {[%emt
00:00:23]} 60. Rf6 {[%clk 00:12:12]} {[%emt 00:00:40]} Bf5 {[%clk 00:49:06]}
{[%emt 00:00:32]} 61. Ra6 {[%clk 00:11:51]} {[%emt 00:00:49]} Kb5 {[%clk
00:49:06]} {[%emt 00:00:31]} 62. Ra8 {[%clk 00:11:43]} {[%emt 00:00:37]} Ne2
{[%clk 00:49:15]} {[%emt 00:00:22]} 63. Rb8+ {[%clk 00:11:46]} {[%emt
00:00:27]} Kc6 {[%clk 00:48:40]} {[%emt 00:01:05]} 64. Ra8 {[%clk 00:11:32]}
{[%emt 00:00:44]} Kb6 {[%clk 00:48:59]} {[%emt 00:00:11]} 65. Ka2 {[%clk
00:11:50]} {[%emt 00:00:12]} Be6+ {[%clk 00:49:00]} {[%emt 00:00:29]} 66. Kb1
{[%clk 00:12:05]} {[%emt 00:00:14]} Nxg3 {[%clk 00:49:20]} {[%emt 00:00:11]} 67.
Kc1 {[%clk 00:11:57]} {[%emt 00:00:38]} Nf5 {[%clk 00:49:34]} {[%emt 00:00:16]}
68. Rd8 {[%clk 00:12:18]} {[%emt 00:00:09]} Bb3 {[%clk 00:48:31]} {[%emt
00:01:33]} 69. Rb8+ {[%clk 00:12:03]} {[%emt 00:00:45]} Kc5 {[%clk 00:48:39]}
{[%emt 00:00:22]} 70. Ra8 {[%clk 00:12:03]} {[%emt 00:00:29]} a4 {[%clk
00:49:00]} {[%emt 00:00:11]} 71. Rc8+ {[%clk 00:12:25]} {[%emt 00:00:07]} Kd5
{[%clk 00:49:15]} {[%emt 00:00:15]} 72. Rb8 {[%clk 00:12:41]} {[%emt 00:00:13]}
Nxh4 {[%clk 00:49:31]} {[%emt 00:00:14]} 73. Rxb4 {[%clk 00:13:04]} {[%emt
00:00:08]} Nf3 {[%clk 00:49:03]} {[%emt 00:00:58]} 74. Rf4 {[%clk 00:13:15]}
{[%emt 00:00:19]} Ne5 {[%clk 00:49:11]} {[%emt 00:00:23]} 75. Kd2 {[%clk
00:13:27]} {[%emt 00:00:17]} Nc4+ {[%clk 00:49:26]} {[%emt 00:00:15]} 76. Kc3
{[%clk 00:13:11]} {[%emt 00:00:46]} Ke5 {[%clk 00:49:43]} {[%emt 00:00:13]} 77.
Rf2 {[%clk 00:13:07]} {[%emt 00:00:33]} h4 {[%clk 00:49:49]} {[%emt 00:00:25]}
78. Kd3 {[%clk 00:13:29]} {[%emt 00:00:08]} g5 {[%clk 00:49:58]} {[%emt
00:00:21]} 79. Ke2 {[%clk 00:13:07]} {[%emt 00:00:53]} Nxb2 {[%clk 00:49:43]}
{[%emt 00:00:45]} 80. Kf3 {[%clk 00:13:25]} {[%emt 00:00:10]} a3 {[%clk
00:49:37]} {[%emt 00:00:37]} 81. Kg4 {[%clk 00:13:24]} {[%emt 00:00:31]} a2
{[%clk 00:49:39]} {[%emt 00:00:29]} 82. Rf1 {[%clk 00:13:44]} {[%emt 00:00:08]}
Bd1+ {[%clk 00:49:55]} {[%emt 00:00:15]} 83. Kxg5 {[%clk 00:13:55]} {[%emt
00:00:19]} a1=Q {[%clk 00:50:14]} {[%emt 00:00:11]} 84. Kxh4 {[%clk 00:14:19]}
{[%emt 00:00:06]} Qa4+ {[%clk 00:50:36]} {[%emt 00:00:08]} 85. Kg3 {[%clk
00:14:39]} {[%emt 00:00:09]} Qg4+ {[%clk 00:50:55]} {[%emt 00:00:11]} 86. Kh2
{[%clk 00:14:57]} {[%emt 00:00:12]} Qh4+ {[%clk 00:50:35]} {[%emt 00:00:51]} 87.
Kg2 {[%clk 00:15:10]} {[%emt 00:00:16]} Bb3 {[%clk 00:50:49]} {[%emt 00:00:16]}
88. Rf2 {[%clk 00:14:31]} {[%emt 00:01:10]} Bd5+ {[%clk 00:50:55]} {[%emt
00:00:23]} 89. Kg1 {[%clk 00:14:46]} {[%emt 00:00:15]} Qh1# {[%clk 00:50:49]}
{[%emt 00:00:07]} 0-1

[Event "XLIV Memoriał Szachowy Ludwika Zamenhofa 2025, Grupa B"]
[Site "Bialystok, Poland"]
[Date "2025.12.29"]
[Round "5.18"]
[White "Slabicki, Andrzej"]
[Black "Tonga, Radoslaw"]
[Result "1-0"]
[TimeControl "90'+30\""]
[WhiteElo "1892"]
[BlackElo "1720"]

1. e4 {[%clk 01:30:50]} {[%emt 00:00:10]} c5 {[%clk 01:30:26]} {[%emt
00:00:34]} 2. Nf3 {[%clk 01:31:03]} {[%emt 00:00:17]} a6 {[%clk 01:30:49]}
{[%emt 00:00:08]} 3. b3 {[%clk 01:31:07]} {[%emt 00:00:26]} d6 {[%clk
01:30:14]} {[%emt 00:01:05]} 4. Bb2 {[%clk 01:30:10]} {[%emt 00:01:27]} Nf6
{[%clk 01:28:44]} {[%emt 00:01:59]} 5. d3 {[%clk 01:28:38]} {[%emt 00:02:00]}
Nc6 {[%clk 01:27:19]} {[%emt 00:01:58]} 6. Be2 {[%clk 01:23:17]} {[%emt
00:05:51]} g6 {[%clk 01:26:21]} {[%emt 00:01:27]} 7. O-O {[%clk 01:23:05]}
{[%emt 00:00:43]} Bg7 {[%clk 01:26:33]} {[%emt 00:00:18]} 8. Nbd2 {[%clk
01:22:43]} {[%emt 00:00:51]} O-O {[%clk 01:26:39]} {[%emt 00:00:23]} 9. c3
{[%clk 01:22:57]} {[%emt 00:00:18]} b5 {[%clk 01:20:18]} {[%emt 00:06:51]} 10.
d4 {[%clk 01:14:39]} {[%emt 00:08:47]} cxd4 {[%clk 01:17:35]} {[%emt 00:03:14]}
11. cxd4 {[%clk 01:14:28]} {[%emt 00:00:41]} e6 {[%clk 01:15:28]} {[%emt
00:02:37]} 12. a4 {[%clk 01:09:57]} {[%emt 00:05:00]} bxa4 {[%clk 01:10:24]}
{[%emt 00:05:36]} 13. Rxa4 {[%clk 01:08:52]} {[%emt 00:01:35]} a5 {[%clk
01:03:48]} {[%emt 00:07:05]} 14. Qa1 {[%clk 01:01:00]} {[%emt 00:08:21]} d5
{[%clk 00:53:56]} {[%emt 00:10:23]} 15. exd5 {[%clk 00:42:34]} {[%emt
00:18:57]} Nxd5 {[%clk 00:39:52]} {[%emt 00:14:34]} 16. Nc4 {[%clk 00:40:57]}
{[%emt 00:02:06]} Ndb4 {[%clk 00:30:41]} {[%emt 00:09:42]} 17. Nce5 {[%clk
00:36:27]} {[%emt 00:05:00]} Nxe5 {[%clk 00:26:47]} {[%emt 00:04:23]} 18. dxe5
{[%clk 00:36:27]} {[%emt 00:00:30]} Bd7 {[%clk 00:25:24]} {[%emt 00:01:53]} 19.
Rd1 {[%clk 00:35:37]} {[%emt 00:01:19]} Qc7 {[%clk 00:25:27]} {[%emt 00:00:28]}
20. Rc1 {[%clk 00:35:01]} {[%emt 00:01:06]} Qd8 {[%clk 00:23:53]} {[%emt
00:02:05]} 21. Ra3 {[%clk 00:34:59]} {[%emt 00:00:31]} Bc6 {[%clk 00:23:19]}
{[%emt 00:01:04]} 22. Rc5 {[%clk 00:27:39]} {[%emt 00:07:47]} Bd5 {[%clk
00:15:29]} {[%emt 00:08:21]} 23. Ne1 {[%clk 00:24:03]} {[%emt 00:04:07]} Qg5
{[%clk 00:12:10]} {[%emt 00:03:50]} 24. Bf3 {[%clk 00:22:56]} {[%emt 00:01:36]}
Rfc8 {[%clk 00:10:46]} {[%emt 00:01:55]} 25. Bxd5 {[%clk 00:21:44]} {[%emt
00:01:42]} Nxd5 {[%clk 00:10:38]} {[%emt 00:00:38]} 26. Raxa5 {[%clk 00:21:48]}
{[%emt 00:00:26]} Rab8 {[%clk 00:09:53]} {[%emt 00:01:15]} 27. Rxc8+ {[%clk
00:15:06]} {[%emt 00:07:12]} Rxc8 {[%clk 00:10:15]} {[%emt 00:00:08]} 28. Ra8
{[%clk 00:15:29]} {[%emt 00:00:07]} Rf8 {[%clk 00:09:50]} {[%emt 00:00:54]} 29.
Nf3 {[%clk 00:14:20]} {[%emt 00:01:38]} Qg4 {[%clk 00:09:47]} {[%emt 00:00:34]}
30. h3 {[%clk 00:13:36]} {[%emt 00:01:14]} Qf5 {[%clk 00:10:07]} {[%emt
00:00:11]} 31. Rxf8+ {[%clk 00:13:40]} {[%emt 00:00:26]} Bxf8 {[%clk 00:10:25]}
{[%emt 00:00:12]} 32. Ba3 {[%clk 00:13:29]} {[%emt 00:00:41]} Nf4 {[%clk
00:09:10]} {[%emt 00:01:45]} 33. Bd6 {[%clk 00:09:12]} {[%emt 00:04:46]} Nxh3+
{[%clk 00:08:32]} {[%emt 00:01:09]} 34. Kh2 {[%clk 00:08:45]} {[%emt 00:00:56]}
Nxf2 {[%clk 00:00:35]} {[%emt 00:08:29]} 35. Qa8 {[%clk 00:08:01]} {[%emt
00:01:14]} Qh5+ {[%clk 00:00:34]} {[%emt 00:00:32]} 36. Kg1 {[%clk 00:08:14]}
{[%emt 00:00:16]} Nh3+ {[%clk 00:00:34]} {[%emt 00:00:31]} 37. gxh3 {[%clk
00:08:34]} {[%emt 00:00:09]} 1-0

[Event "XLIV Memoriał Szachowy Ludwika Zamenhofa 2025, Grupa B"]
[Site "Bialystok, Poland"]
[Date "2025.12.29"]
[Round "5.19"]
[White "Rajlich, Vaclav"]
[Black "Serradell Munoz, Silvia"]
[Result "1-0"]
[TimeControl "90'+30\""]
[WhiteElo "1985"]
[BlackElo "1841"]

1. e4 {[%clk 01:30:58]} c5 {[%clk 01:30:38]} {[%emt 00:00:23]} 2. Nf3 {[%clk
01:31:25]} {[%emt 00:00:03]} e6 {[%clk 01:30:40]} {[%emt 00:00:28]} 3. d4
{[%clk 01:31:47]} {[%emt 00:00:08]} cxd4 {[%clk 01:31:03]} {[%emt 00:00:07]} 4.
Nxd4 {[%clk 01:32:14]} {[%emt 00:00:02]} Nf6 {[%clk 01:31:15]} {[%emt
00:00:19]} 5. Nc3 {[%clk 01:32:30]} {[%emt 00:00:15]} Bb4 {[%clk 01:31:27]}
{[%emt 00:00:18]} 6. e5 {[%clk 01:30:33]} {[%emt 00:02:27]} Nd5 {[%clk
01:31:28]} {[%emt 00:00:28]} 7. Bd2 {[%clk 01:30:34]} {[%emt 00:00:30]} Nxc3
{[%clk 01:31:09]} {[%emt 00:00:48]} 8. bxc3 {[%clk 01:31:00]} {[%emt 00:00:04]}
Bc5 {[%clk 01:31:11]} {[%emt 00:00:28]} 9. Bd3 {[%clk 01:26:12]} {[%emt
00:05:18]} Qc7 {[%clk 01:28:13]} {[%emt 00:03:29]} 10. Qe2 {[%clk 01:19:52]}
{[%emt 00:06:50]} a6 {[%clk 01:24:48]} {[%emt 00:03:55]} 11. O-O {[%clk
01:17:06]} {[%emt 00:03:15]} d6 {[%clk 01:24:39]} {[%emt 00:00:40]} 12. Nf5
{[%clk 01:13:50]} {[%emt 00:03:46]} Rg8 {[%clk 01:22:12]} {[%emt 00:02:57]} 13.
Bf4 {[%clk 01:11:36]} {[%emt 00:02:43]} d5 {[%clk 01:19:38]} {[%emt 00:03:04]}
14. Nd6+ {[%clk 01:09:57]} {[%emt 00:02:10]} Bxd6 {[%clk 01:19:40]} {[%emt
00:00:28]} 15. exd6 {[%clk 01:10:21]} {[%emt 00:00:05]} Qc6 {[%clk 01:20:01]}
{[%emt 00:00:09]} 16. c4 {[%clk 01:08:31]} {[%emt 00:02:21]} Nd7 {[%clk
01:19:12]} {[%emt 00:01:20]} 17. Rad1 {[%clk 01:04:42]} {[%emt 00:04:19]} dxc4
{[%clk 01:18:20]} {[%emt 00:01:22]} 18. Bxh7 {[%clk 01:05:02]} {[%emt
00:00:09]} Rh8 {[%clk 01:18:27]} {[%emt 00:00:22]} 19. Be4 {[%clk 01:04:47]}
{[%emt 00:00:47]} Qc5 {[%clk 01:18:31]} {[%emt 00:00:25]} 20. Rd5 {[%clk
01:03:48]} {[%emt 00:01:29]} exd5 {[%clk 01:14:42]} {[%emt 00:04:20]} 21. Bg6+
{[%clk 01:04:13]} {[%emt 00:00:05]} Ne5 {[%clk 01:14:58]} {[%emt 00:00:14]} 22.
Qxe5+ {[%clk 01:04:40]} {[%emt 00:00:02]} Be6 {[%clk 01:15:21]} {[%emt
00:00:08]} 23. Qxe6+ {[%clk 01:05:08]} {[%emt 00:00:02]} Kd8 {[%clk 01:15:14]}
{[%emt 00:00:37]} 24. Qe7+ {[%clk 01:05:34]} {[%emt 00:00:03]} Kc8 {[%clk
01:15:30]} {[%emt 00:00:14]} 25. d7# {[%clk 01:06:02]} {[%emt 00:00:02]} 1-0

[Event "XLIV Memoriał Szachowy Ludwika Zamenhofa 2025, Grupa B"]
[Site "Bialystok, Poland"]
[Date "2025.12.29"]
[Round "5.20"]
[White "Lewczuk, Jakub"]
[Black "Ryszkiewicz, Adam"]
[Result "1-0"]
[TimeControl "90'+30\""]
[WhiteElo "1805"]
[BlackElo "1985"]

1. f4 {[%clk 01:30:36]} {[%emt 00:00:22]} d5 {[%clk 01:30:54]} {[%emt
00:00:07]} 2. Nf3 {[%clk 01:30:39]} {[%emt 00:00:27]} g6 {[%clk 01:31:16]}
{[%emt 00:00:08]} 3. c4 {[%clk 01:30:30]} {[%emt 00:00:38]} d4 {[%clk
01:31:33]} {[%emt 00:00:14]} 4. e4 {[%clk 01:30:19]} {[%emt 00:00:41]} c5
{[%clk 01:31:29]} {[%emt 00:00:35]} 5. g3 {[%clk 01:28:46]} {[%emt 00:02:03]}
Bg7 {[%clk 01:31:19]} {[%emt 00:00:40]} 6. Bg2 {[%clk 01:28:26]} {[%emt
00:00:49]} Nc6 {[%clk 01:30:40]} {[%emt 00:01:10]} 7. d3 {[%clk 01:28:43]}
{[%emt 00:00:13]} Nf6 {[%clk 01:30:05]} {[%emt 00:01:04]} 8. O-O {[%clk
01:25:45]} {[%emt 00:03:29]} O-O {[%clk 01:22:51]} {[%emt 00:07:44]} 9. h3
{[%clk 01:14:47]} {[%emt 00:11:28]} a6 {[%clk 01:16:59]} {[%emt 00:06:22]} 10.
e5 {[%clk 01:14:24]} {[%emt 00:00:53]} Ne8 {[%clk 01:15:28]} {[%emt 00:02:01]}
11. Kh2 {[%clk 01:06:28]} {[%emt 00:08:26]} Qc7 {[%clk 01:12:32]} {[%emt
00:03:25]} 12. Qe2 {[%clk 01:00:59]} {[%emt 00:06:01]} Rb8 {[%clk 01:06:54]}
{[%emt 00:06:08]} 13. Nbd2 {[%clk 00:56:58]} {[%emt 00:04:31]} b5 {[%clk
01:01:43]} {[%emt 00:05:41]} 14. Ng5 {[%clk 00:56:25]} {[%emt 00:01:01]} Nb4
{[%clk 00:59:47]} {[%emt 00:02:28]} 15. Be4 {[%clk 00:48:57]} {[%emt 00:07:57]}
Bh6 {[%clk 00:50:43]} {[%emt 00:09:34]} 16. cxb5 {[%clk 00:47:07]} {[%emt
00:02:20]} Bxg5 {[%clk 00:49:24]} {[%emt 00:01:51]} 17. fxg5 {[%clk 00:47:13]}
{[%emt 00:00:23]} Qd7 {[%clk 00:48:35]} {[%emt 00:01:19]} 18. g4 {[%clk
00:46:17]} {[%emt 00:01:26]} axb5 {[%clk 00:46:05]} {[%emt 00:03:00]} 19. Nf3
{[%clk 00:44:22]} {[%emt 00:02:24]} Bb7 {[%clk 00:43:43]} {[%emt 00:02:53]} 20.
Bf4 {[%clk 00:40:37]} {[%emt 00:04:14]} Qe6 {[%clk 00:40:44]} {[%emt 00:03:29]}
21. a3 {[%clk 00:39:06]} {[%emt 00:02:02]} Bxe4 {[%clk 00:37:01]} {[%emt
00:04:13]} 22. Qxe4 {[%clk 00:36:38]} {[%emt 00:02:58]} Nd5 {[%clk 00:37:16]}
{[%emt 00:00:15]} 23. Bd2 {[%clk 00:35:21]} {[%emt 00:01:45]} Nb6 {[%clk
00:28:50]} {[%emt 00:08:58]} 24. b4 {[%clk 00:32:48]} {[%emt 00:03:02]} Nd7
{[%clk 00:29:15]} {[%emt 00:00:05]} 25. Rac1 {[%clk 00:32:16]} {[%emt
00:01:02]} Rc8 {[%clk 00:26:48]} {[%emt 00:02:58]} 26. Nxd4 {[%clk 00:25:07]}
{[%emt 00:07:38]} Qxe5+ {[%clk 00:27:12]} {[%emt 00:00:06]} 27. Qxe5 {[%clk
00:25:32]} {[%emt 00:00:06]} Nxe5 {[%clk 00:27:38]} {[%emt 00:00:03]} 28. Rxc5
{[%clk 00:25:40]} {[%emt 00:00:22]} Rxc5 {[%clk 00:28:01]} {[%emt 00:00:08]} 29.
bxc5 {[%clk 00:26:04]} {[%emt 00:00:06]} Nc7 {[%clk 00:20:01]} {[%emt
00:08:30]} 30. Bf4 {[%clk 00:25:37]} {[%emt 00:00:57]} f6 {[%clk 00:20:25]}
{[%emt 00:00:06]} 31. gxf6 {[%clk 00:25:08]} {[%emt 00:00:58]} exf6 {[%clk
00:20:39]} {[%emt 00:00:16]} 32. Bxe5 {[%clk 00:25:21]} {[%emt 00:00:17]} fxe5
{[%clk 00:21:02]} {[%emt 00:00:07]} 33. Rxf8+ {[%clk 00:25:41]} {[%emt
00:00:10]} Kxf8 {[%clk 00:21:30]} {[%emt 00:00:03]} 34. Nf3 {[%clk 00:25:57]}
{[%emt 00:00:14]} Ke7 {[%clk 00:21:48]} {[%emt 00:00:12]} 35. Nxe5 {[%clk
00:26:20]} {[%emt 00:00:07]} Ke6 {[%clk 00:22:14]} {[%emt 00:00:04]} 36. Nf3
{[%clk 00:26:13]} {[%emt 00:00:37]} Kd5 {[%clk 00:22:40]} {[%emt 00:00:04]} 37.
Kg3 {[%clk 00:26:06]} {[%emt 00:00:37]} Kxc5 {[%clk 00:22:46]} {[%emt
00:00:24]} 38. Kf4 {[%clk 00:26:22]} {[%emt 00:00:14]} Kd5 {[%clk 00:22:59]}
{[%emt 00:00:16]} 39. Kg5 {[%clk 00:26:27]} {[%emt 00:00:24]} Ne6 {[%clk
00:23:26]} {[%emt 00:00:05]} 40. Kh6 {[%clk 00:26:45]} {[%emt 00:00:11]} Nf4
{[%clk 00:23:48]} {[%emt 00:00:08]} 41. h4 {[%clk 00:26:39]} {[%emt 00:00:37]}
Nxd3 {[%clk 00:22:07]} {[%emt 00:02:11]} 42. Kxh7 {[%clk 00:26:38]} {[%emt
00:00:30]} Nf4 {[%clk 00:22:26]} {[%emt 00:00:11]} 43. Kh6 {[%clk 00:26:50]}
{[%emt 00:00:17]} Ke4 {[%clk 00:22:51]} {[%emt 00:00:05]} 44. Ne1 {[%clk
00:26:41]} {[%emt 00:00:37]} Ke5 {[%clk 00:21:32]} {[%emt 00:01:51]} 45. Kg5
{[%clk 00:25:55]} {[%emt 00:01:14]} Ke4 {[%clk 00:21:59]} {[%emt 00:00:04]} 46.
Nc2 {[%clk 00:26:01]} {[%emt 00:00:21]} Ke5 {[%clk 00:19:48]} {[%emt 00:02:45]}
47. Nb4 {[%clk 00:25:42]} {[%emt 00:00:49]} Ke4 {[%clk 00:15:52]} {[%emt
00:04:25]} 48. Nc6 {[%clk 00:25:15]} {[%emt 00:00:56]} Ng2 {[%clk 00:15:26]}
{[%emt 00:00:57]} 49. h5 {[%clk 00:25:00]} {[%emt 00:00:45]} gxh5 {[%clk
00:15:50]} {[%emt 00:00:07]} 50. gxh5 {[%clk 00:25:25]} {[%emt 00:00:04]} Nf4
{[%clk 00:16:14]} {[%emt 00:00:06]} 51. h6 {[%clk 00:25:49]} {[%emt 00:00:06]}
Ne6+ {[%clk 00:16:34]} {[%emt 00:00:09]} 52. Kf6 {[%clk 00:25:38]} {[%emt
00:00:39]} Nf8 {[%clk 00:17:03]} {[%emt 00:00:03]} 53. Na7 {[%clk 00:25:53]}
{[%emt 00:00:16]} b4 {[%clk 00:17:11]} {[%emt 00:00:22]} 54. axb4 {[%clk
00:26:07]} {[%emt 00:00:15]} Kd5 {[%clk 00:17:37]} {[%emt 00:00:04]} 55. Nc8
{[%clk 00:26:06]} {[%emt 00:00:31]} Kc4 {[%clk 00:16:47]} {[%emt 00:01:20]} 56.
Nd6+ {[%clk 00:26:31]} {[%emt 00:00:06]} Kxb4 {[%clk 00:17:10]} {[%emt
00:00:06]} 57. Nf7 {[%clk 00:26:52]} {[%emt 00:00:08]} Kc4 {[%clk 00:17:17]}
{[%emt 00:00:23]} 58. Kg7 {[%clk 00:27:08]} {[%emt 00:00:14]} Ne6+ {[%clk
00:17:43]} {[%emt 00:00:05]} 59. Kg8 {[%clk 00:27:33]} {[%emt 00:00:05]} Nf4
{[%clk 00:18:07]} {[%emt 00:00:06]} 60. h7 {[%clk 00:27:42]} {[%emt 00:00:21]}
Ng6 {[%clk 00:18:33]} {[%emt 00:00:03]} 61. Kg7 {[%clk 00:27:52]} {[%emt
00:00:19]} Kd5 {[%emt 00:00:12]} 1-0